00346nam a22001457a 4500003000400000020001800004082001800022100002000040245003000060260004800090300000700138650001400145700002000159700002100179SGT a9786206686064 a617.601bS23K aKhurana, Charu  aSpecial Care in Dentistry aGermany bLambert Academic Publishingc2023 a77 aDentistry aTandon, Shourya aMinocha, Rashmit